| 000 | 00595nam a2200181Ia 4500 | ||
|---|---|---|---|
| 999 |
_c59359 _d59359 |
||
| 003 | GCL | ||
| 005 | 20240530110217.0 | ||
| 008 | 140319s9999 xx 000 0 ara d | ||
| 040 |
_aGCL / _cGCL |
||
| 082 | 0 | 4 |
_aم _b091.103 \ _bف ف |
| 100 | 1 | _aفؤاد سيد | |
| 245 | 1 | 0 |
_aفهرست المخطوطات : _bنشرة المخطوطات التى اقتنتها الدار من سنة 1955-1936 / _cفؤاد سيد |
| 260 |
_a[S.N] : _bدار الكتب ، _c1961 |
||
| 650 | 0 | 4 | _aالمخطوطات |
| 650 | 0 | 4 | _aالببليوجرافيات |
| 650 | 0 | 4 | _aالفهارس |
| 942 |
_2ddc _cREF |
||